| 000 | 00416nam a2200145Ia 4500 | ||
|---|---|---|---|
| 008 | 231221s9999 xx 000 0 und d | ||
| 020 | _a9790000000000 | ||
| 041 | _aEnglish | ||
| 082 | _a001.64404 SIN;1 R | ||
| 100 | _aSingh, Charanjeet. | ||
| 245 | 0 | _aData communications and networks : for the BCA students of bangalore university | |
| 250 | _a1st ed. | ||
| 260 |
_c2010 _bKalayani _aNew Delhi |
||
| 942 | _cBC | ||
| 999 |
_c212950 _d212950 |
||